Diálogos PUCV en torno al reconocimiento, la hospitalidad y la misión. Ex Corde Ecclesiae desde una mirada interdisciplinaria.
Saved in:
| Hovedforfatter: | |
|---|---|
| Andre forfattere: | , , , , , , , , , , , |
| Format: | Bog |
| Udgivet: |
Valparaíso, Chile:
Pontificia Universidad Católica de Valparaíso; Ediciones Universitarias de Valparaíso,
2022.
|
| Fag: | |
| Tags: |
Tilføj Tag
Ingen Tags, Vær først til at tagge denne postø!
|
MARC
| LEADER | 00000nam a22000007a 4500 | ||
|---|---|---|---|
| 003 | CL-VaPUC | ||
| 005 | 20241217162329.0 | ||
| 008 | 221117t2022 ||||| |||| 00| 0 eng d | ||
| 999 | |c 439395 |d 439393 | ||
| 020 | |a 978-956-17-1020-7 | ||
| 040 | |c Pontificia Universidad Católica de Valparaíso | ||
| 082 | 7 | |a 378.0712 BLA 2022 |2 22 | |
| 100 | 1 | |a Blanco Lobos, María Teresa |e autora |9 878507 | |
| 245 | |a Diálogos PUCV en torno al reconocimiento, la hospitalidad y la misión. |b Ex Corde Ecclesiae desde una mirada interdisciplinaria. | ||
| 260 | |a Valparaíso, Chile: |b Pontificia Universidad Católica de Valparaíso; |b Ediciones Universitarias de Valparaíso, |c 2022. | ||
| 300 | |a 53 páginas. | ||
| 500 | |a c.1-c.80. Donación Gran Cancilleria. Carta 17/11/2022. | ||
| 583 | |c 20221117 |k Catalogador Asistente | ||
| 600 | 0 | |a Juan Pablo II, |q (Wojtyła, Karol Józef), |c Papa |d 1920-2005 |t Ex corde ecclesiae constitución apostólica sobre las universidades católicas |9 866320 | |
| 650 | |a Universidades Católicas |x Documentos pontificios |9 878695 | ||
| 650 | |a Constitución apostólica |x Universidades Católicas |x Crítica e interpretación |9 878696 | ||
| 700 | |a Bravo Mercado, Manuel |e autor |9 878508 | ||
| 700 | |a Cáraves Silva, Patricio |e autor |9 878509 | ||
| 700 | |a Carvajal Arenas, Lorena |e autora |9 878510 | ||
| 700 | |a Chicano Jiménez, Arturo |e autor |9 878511 | ||
| 700 | |a Eichin Molina, Cristián |9 588722 |e autor | ||
| 700 | |a Elórtegui Gómez, Claudio Domingo |e autor |9 781287 | ||
| 700 | |a Faúndez Allier, Juan Pablo |e autor |9 878512 | ||
| 700 | |a Gatica Escobar, Ricardo Antonio |e autor |9 748719 | ||
| 700 | |a Marín Riveros, José Alejandro |e autor |9 890508 | ||
| 700 | |a Merino Rubilar, Cristian Gonzalo |e autor |9 575007 | ||
| 700 | |a Moya Marchant, Loreto |e autora |9 878514 | ||
| 700 | |a Quintana Villar, María Soledad |e autora |9 820460 | ||
| 942 | |2 ddc |c BK | ||
| 952 | |0 0 |1 0 |2 ddc |4 0 |6 378_071200000000000_BLA_2022 |7 0 |8 A |9 587741 |a BIBTEO |b BIBTEO |c GEN |d 2022-11-17 |e Donación |i 5655612 |o 378.0712 BLA 2022 |p 5655612 |r 2025-01-17 |t 1 |w 2022-11-17 |y BK |k ICR | ||
| 952 | |0 0 |1 0 |2 ddc |4 0 |6 378_071200000000000_BLA_2022 |7 0 |8 A |9 587742 |a BIBTEO |b BIBTEO |c GEN |d 2022-11-17 |e Donación |i 5655613 |o 378.0712 BLA 2022 |p 5655613 |r 2025-01-17 |t 2 |w 2022-11-17 |y BK |k ICR | ||
| 952 | |0 0 |1 0 |2 ddc |4 0 |6 378_071200000000000_BLA_2022 |7 0 |8 A |9 587743 |a BIBTEO |b BIBTEO |c GEN |d 2022-11-17 |e Donación |i 5655614 |o 378.0712 BLA 2022 |p 5655614 |r 2025-01-17 |t 3 |w 2022-11-17 |y BK |k ICR | ||
| 952 | |0 0 |1 0 |2 ddc |4 0 |6 378_071200000000000_BLA_2022 |7 0 |8 A |9 587744 |a BIBTEO |b BIBTEO |c GEN |d 2022-11-17 |e Donación |i 5655615 |o 378.0712 BLA 2022 |p 5655615 |r 2025-01-17 |t 4 |w 2022-11-17 |y BK |k ICR | ||
| 952 | |0 0 |1 0 |2 ddc |4 0 |6 378_071200000000000_BLA_2022 |7 0 |8 A |9 587745 |a BIBTEO |b BIBTEO |c GEN |d 2022-11-17 |e Donación |i 5655616 |o 378.0712 BLA 2022 |p 5655616 |r 2025-01-17 |t 5 |w 2022-11-17 |y BK |k ICR | ||
| 952 | |0 0 |1 0 |2 ddc |4 0 |6 378_071200000000000_BLA_2022 |7 0 |8 A |9 587746 |a BIBTEO |b BIBTEO |c GEN |d 2022-11-17 |e Donación |i 5655617 |o 378.0712 BLA 2022 |p 5655617 |r 2025-01-17 |t 6 |w 2022-11-17 |y BK |k ICR | ||
| 952 | |0 0 |1 0 |2 ddc |4 0 |6 378_071200000000000_BLA_2022 |7 0 |8 A |9 587748 |a BIBTEO |b BIBTEO |c GEN |d 2022-11-17 |e Donación |i 5655619 |o 378.0712 BLA 2022 |p 5655619 |r 2025-01-17 |t 8 |w 2022-11-17 |y BK |k ICR | ||
| 952 | |0 0 |1 0 |2 ddc |4 0 |6 378_071200000000000_BLA_2022 |7 0 |8 A |9 587757 |a BIBCUR |b BIBCUR |c GEN |d 2022-11-17 |e Donación |i 5655628 |l 1 |o 378.0712 BLA 2022 |p 5655628 |r 2025-04-22 |s 2023-05-09 |t 17 |w 2022-11-17 |y BK |k CIM | ||
| 952 | |0 0 |1 0 |2 ddc |4 0 |6 378_071200000000000_BLA_2022 |7 0 |8 A |9 587758 |a BIBCUR |b BIBCUR |c GEN |d 2022-11-17 |e Donación |i 5655629 |o 378.0712 BLA 2022 |p 5655629 |r 2025-04-22 |t 18 |w 2022-11-17 |y BK |k CIM | ||
| 952 | |0 0 |1 0 |2 ddc |4 0 |6 378_071200000000000_BLA_2022 |7 0 |8 A |9 587761 |a BIBING |b BIBING |c GEN |d 2022-11-17 |e Donación |i 5655632 |o 378.0712 BLA 2022 |p 5655632 |r 2025-01-20 |t 21 |w 2022-11-17 |y BK |k GEO | ||
| 952 | |0 0 |1 0 |2 ddc |4 0 |6 378_071200000000000_BLA_2022 |7 0 |8 A |9 587762 |a BIBING |b BIBING |c GEN |d 2022-11-17 |e Donación |i 5655633 |o 378.0712 BLA 2022 |p 5655633 |r 2025-01-20 |t 22 |w 2022-11-17 |y BK |k GEO | ||
| 952 | |0 0 |1 0 |2 ddc |4 0 |6 378_071200000000000_BLA_2022 |7 0 |8 A |9 587763 |a BIBING |b BIBING |c GEN |d 2022-11-17 |e Donación |i 5655634 |o 378.0712 BLA 2022 |p 5655634 |r 2025-01-20 |t 23 |w 2022-11-17 |y BK |k GEO | ||
| 952 | |0 0 |1 0 |2 ddc |4 0 |6 378_071200000000000_BLA_2022 |7 0 |8 A |9 587764 |a BIBING |b BIBING |c GEN |d 2022-11-17 |e Donación |i 5655635 |o 378.0712 BLA 2022 |p 5655635 |r 2025-01-20 |t 24 |w 2022-11-17 |y BK |k GEO | ||
| 952 | |0 0 |1 0 |2 ddc |4 0 |6 378_071200000000000_BLA_2022 |7 0 |8 A |9 587765 |a BIBEDU |b BIBEDU |c GEN |d 2022-11-17 |e Donación |i 5655636 |o 378.0712 BLA 2022 |p 5655636 |r 2022-11-17 |t 25 |w 2022-11-17 |y BK |k EDU | ||
| 952 | |0 0 |1 0 |2 ddc |4 0 |6 378_071200000000000_BLA_2022 |7 0 |8 A |9 587766 |a BIBEDU |b BIBEDU |c GEN |d 2022-11-17 |e Donación |i 5655637 |o 378.0712 BLA 2022 |p 5655637 |r 2022-11-17 |t 26 |w 2022-11-17 |y BK |k EDU | ||
| 952 | |0 0 |1 0 |2 ddc |4 0 |6 378_071200000000000_BLA_2022 |7 0 |8 A |9 587767 |a BIBEDU |b BIBEDU |c GEN |d 2022-11-17 |e Donación |i 5655638 |o 378.0712 BLA 2022 |p 5655638 |r 2022-11-17 |t 27 |w 2022-11-17 |y BK |k EDU | ||
| 952 | |0 0 |1 0 |2 ddc |4 0 |6 378_071200000000000_BLA_2022 |7 0 |8 A |9 587768 |a BIBEDU |b BIBEDU |c GEN |d 2022-11-17 |e Donación |i 5655639 |o 378.0712 BLA 2022 |p 5655639 |r 2022-11-17 |t 28 |w 2022-11-17 |y BK |k EDU | ||
| 952 | |0 0 |1 0 |2 ddc |4 0 |6 378_071200000000000_BLA_2022 |7 0 |8 A |9 587769 |a BIBHIS |b BIBHIS |c GEN |d 2022-11-18 |e Donación |i 5655640 |o 378.0712 BLA 2022 |p 5655640 |r 2025-01-20 |t 29 |w 2022-11-18 |y BK |k HIS | ||
| 952 | |0 0 |1 0 |2 ddc |4 0 |6 378_071200000000000_BLA_2022 |7 0 |8 A |9 587770 |a BIBHIS |b BIBHIS |c GEN |d 2022-11-18 |e Donación |i 5655641 |o 378.0712 BLA 2022 |p 5655641 |r 2025-01-20 |t 30 |w 2022-11-18 |y BK |k HIS | ||
| 952 | |0 0 |1 0 |2 ddc |4 0 |6 378_071200000000000_BLA_2022 |7 0 |8 A |9 587771 |a BIBHIS |b BIBHIS |c GEN |d 2022-11-18 |e Donación |i 5655642 |o 378.0712 BLA 2022 |p 5655642 |r 2025-01-20 |t 31 |w 2022-11-18 |y BK |k HIS | ||
| 952 | |0 0 |1 0 |2 ddc |4 0 |6 378_071200000000000_BLA_2022 |7 0 |8 A |9 587772 |a BIBEDU |b BIBEDU |c GEN |d 2022-11-18 |e Donación |i 5655643 |o 378.0712 BLA 2022 |p 5655643 |r 2023-01-12 |t 32 |w 2022-11-18 |y BK |k MUS | ||
| 952 | |0 0 |1 0 |2 ddc |4 0 |6 378_071200000000000_BLA_2022 |7 0 |8 A |9 587773 |a BIBARQ |b BIBARQ |c GEN |d 2022-11-18 |e Donación |i 5655644 |o 378.0712 BLA 2022 |p 5655644 |r 2025-01-20 |t 33 |w 2022-11-18 |y BK |k ARQ | ||
| 952 | |0 0 |1 0 |2 ddc |4 0 |6 378_071200000000000_BLA_2022 |7 0 |8 A |9 587774 |a BIBARQ |b BIBARQ |c GEN |d 2022-11-18 |e Donación |i 5655645 |o 378.0712 BLA 2022 |p 5655645 |r 2025-01-20 |t 34 |w 2022-11-18 |y BK |k ARQ | ||
| 952 | |0 0 |1 0 |2 ddc |4 0 |6 378_071200000000000_BLA_2022 |7 0 |8 A |9 587775 |a BIBARQ |b BIBARQ |c GEN |d 2022-11-18 |e Donación |i 5655646 |o 378.0712 BLA 2022 |p 5655646 |r 2025-01-20 |t 35 |w 2022-11-18 |y BK |k ARQ | ||
| 952 | |0 0 |1 0 |2 ddc |4 0 |6 378_071200000000000_BLA_2022 |7 0 |8 A |9 587776 |a BIBARQ |b BIBARQ |c GEN |d 2022-11-18 |e Donación |i 5655647 |o 378.0712 BLA 2022 |p 5655647 |r 2025-01-20 |t 36 |w 2022-11-18 |y BK |k ARQ | ||
| 952 | |0 0 |1 0 |2 ddc |4 0 |6 378_071200000000000_BLA_2022 |7 0 |8 A |9 587777 |a BIBART |b BIBART |d 2022-11-18 |e Donación |i 5655648 |o 378.0712 BLA 2022 |p 5655648 |r 2025-03-13 |t 37 |w 2022-11-18 |y BK |k ART | ||
| 952 | |0 0 |1 0 |2 ddc |4 0 |6 378_071200000000000_BLA_2022 |7 0 |8 A |9 587778 |a BIBART |b BIBART |d 2022-11-18 |e Donación |i 5655649 |o 378.0712 BLA 2022 |p 5655649 |r 2025-03-13 |t 38 |w 2022-11-18 |y BK |k ART | ||
| 952 | |0 0 |1 0 |2 ddc |4 0 |6 378_071200000000000_BLA_2022 |7 0 |8 A |9 587779 |a BIBART |b BIBART |d 2022-11-18 |e Donación |i 5655650 |o 378.0712 BLA 2022 |p 5655650 |r 2025-03-13 |t 39 |w 2022-11-18 |y BK |k ART | ||
| 952 | |0 0 |1 0 |2 ddc |4 0 |6 378_071200000000000_BLA_2022 |7 0 |8 A |9 587780 |a BIBART |b BIBART |d 2022-11-18 |e Donación |i 5655651 |o 378.0712 BLA 2022 |p 5655651 |r 2025-03-13 |t 40 |w 2022-11-18 |y BK |k ART | ||
| 952 | |0 0 |1 0 |2 ddc |4 0 |6 378_071200000000000_BLA_2022 |7 0 |8 A |9 587781 |a BIBCUR |b BIBCUR |c GEN |d 2022-11-18 |e Donación |i 5655652 |o 378.0712 BLA 2022 |p 5655652 |r 2025-04-22 |t 41 |w 2022-11-18 |y BK |k BCB | ||
| 952 | |0 0 |1 0 |2 ddc |4 0 |6 378_071200000000000_BLA_2022 |7 0 |8 A |9 587782 |a BIBCUR |b BIBCUR |c GEN |d 2022-11-18 |e Donación |i 5655653 |o 378.0712 BLA 2022 |p 5655653 |r 2025-04-22 |t 42 |w 2022-11-18 |y BK |k BCB | ||
| 952 | |0 0 |1 0 |2 ddc |4 0 |6 378_071200000000000_BLA_2022 |7 0 |8 A |9 587783 |a BIBCUR |b BIBCUR |c GEN |d 2022-11-18 |e Donación |i 5655654 |o 378.0712 BLA 2022 |p 5655654 |r 2025-04-22 |t 43 |w 2022-11-18 |y BK |k BCB | ||
| 952 | |0 0 |1 0 |2 ddc |4 0 |6 378_071200000000000_BLA_2022 |7 0 |8 A |9 587784 |a BIBCUR |b BIBCUR |c GEN |d 2022-11-18 |e Donación |i 5655655 |o 378.0712 BLA 2022 |p 5655655 |r 2025-04-22 |t 44 |w 2022-11-18 |y BK |k BCB | ||
| 952 | |0 0 |1 0 |2 ddc |4 0 |6 378_071200000000000_BLA_2022 |7 0 |8 A |9 587787 |a BIBMAT |b BIBMAT |c E_DIDACT |d 2022-11-18 |e Donación |i 5655658 |o 378.0712 BLA 2022 |p 5655658 |r 2025-01-07 |t 47 |w 2022-11-18 |y BK |k MAT | ||
| 952 | |0 0 |1 0 |2 ddc |4 0 |6 378_071200000000000_BLA_2022 |7 0 |8 A |9 587789 |a BIBMAT |b BIBMAT |c E_DIDACT |d 2022-11-18 |e Donación |i 5655659 |o 378.0712 BLA 2022 |p 5655659 |r 2025-01-07 |t 48 |w 2022-11-18 |y BK |k MAT | ||
| 952 | |0 0 |1 0 |2 ddc |4 0 |6 378_071200000000000_BLA_2022 |7 0 |8 A |9 587790 |a BIBGIM |b BIBGIM |c GEN |d 2022-11-18 |e Donación |i 5655660 |o 378.0712 BLA 2022 |p 5655660 |r 2025-01-15 |t 49 |w 2022-11-18 |y BK |k GIM | ||
| 952 | |0 0 |1 0 |2 ddc |4 0 |6 378_071200000000000_BLA_2022 |7 0 |8 A |9 587791 |a BIBGIM |b BIBGIM |c GEN |d 2022-11-18 |e Donación |i 5655661 |o 378.0712 BLA 2022 |p 5655661 |r 2025-01-15 |t 50 |w 2022-11-18 |y BK |k GIM | ||
| 952 | |0 0 |1 0 |2 ddc |4 0 |6 378_071200000000000_BLA_2022 |7 0 |8 A |9 587792 |a BIBGIM |b BIBGIM |c GEN |d 2022-11-18 |e Donación |i 5655662 |o 378.0712 BLA 2022 |p 5655662 |r 2025-01-15 |t 51 |w 2022-11-18 |y BK |k GIM | ||
| 952 | |0 0 |1 0 |2 ddc |4 0 |6 378_071200000000000_BLA_2022 |7 0 |8 A |9 587793 |a BIBGIM |b BIBGIM |c GEN |d 2022-11-18 |e Donación |i 5655663 |o 378.0712 BLA 2022 |p 5655663 |r 2025-01-15 |t 52 |w 2022-11-18 |y BK |k GIM | ||
| 952 | |0 0 |1 0 |2 ddc |4 0 |6 378_071200000000000_BLA_2022 |7 0 |8 A |9 587794 |a BIBENE |b BIBENE |c GEN |d 2022-11-18 |e Donación |i 5655664 |o 378.0712 BLA 2022 |p 5655664 |r 2025-01-15 |t 53 |w 2022-11-18 |y BK |k ICO | ||
| 952 | |0 0 |1 0 |2 ddc |4 0 |6 378_071200000000000_BLA_2022 |7 0 |8 A |9 587795 |a BIBENE |b BIBENE |c GEN |d 2022-11-18 |e Donación |i 5655665 |o 378.0712 BLA 2022 |p 5655665 |r 2025-01-15 |t 54 |w 2022-11-18 |y BK |k ICO | ||
| 952 | |0 0 |1 0 |2 ddc |4 0 |6 378_071200000000000_BLA_2022 |7 0 |8 A |9 587796 |a BIBENE |b BIBENE |c GEN |d 2022-11-18 |e Donación |i 5655666 |o 378.0712 BLA 2022 |p 5655666 |r 2025-01-15 |t 55 |w 2022-11-18 |y BK |k ICO | ||
| 952 | |0 0 |1 0 |2 ddc |4 0 |6 378_071200000000000_BLA_2022 |7 0 |8 A |9 587797 |a BIBENE |b BIBENE |c GEN |d 2022-11-18 |e Donación |i 5655667 |o 378.0712 BLA 2022 |p 5655667 |r 2025-01-15 |t 56 |w 2022-11-18 |y BK |k ICO | ||
| 952 | |0 0 |1 0 |2 ddc |4 0 |6 378_071200000000000_BLA_2022 |7 0 |8 A |9 587798 |a BIBING |b BIBING |c GEN |d 2022-11-18 |e Donación |i 5655668 |o 378.0712 BLA 2022 |p 5655668 |r 2025-01-20 |t 57 |w 2022-11-18 |y BK |k ING | ||
| 952 | |0 0 |1 0 |2 ddc |4 0 |6 378_071200000000000_BLA_2022 |7 0 |8 A |9 587799 |a BIBING |b BIBING |c GEN |d 2022-11-18 |e Donación |i 5655669 |o 378.0712 BLA 2022 |p 5655669 |r 2025-01-20 |t 58 |w 2022-11-18 |y BK |k ING | ||
| 952 | |0 0 |1 0 |2 ddc |4 0 |6 378_071200000000000_BLA_2022 |7 0 |8 A |9 587800 |a BIBING |b BIBING |c GEN |d 2022-11-18 |e Donación |i 5655670 |o 378.0712 BLA 2022 |p 5655670 |r 2025-01-20 |t 59 |w 2022-11-18 |y BK |k ING | ||
| 952 | |0 0 |1 0 |2 ddc |4 0 |6 378_071200000000000_BLA_2022 |7 0 |8 A |9 587801 |a BIBING |b BIBING |c GEN |d 2022-11-18 |e Donación |i 5655671 |o 378.0712 BLA 2022 |p 5655671 |r 2025-01-20 |t 60 |w 2022-11-18 |y BK |k ING | ||
| 952 | |0 0 |1 0 |2 ddc |4 0 |6 378_071200000000000_BLA_2022 |7 0 |8 A |9 587802 |a BIBING |b BIBING |c GEN |d 2022-11-18 |e Donación |i 5655672 |o 378.0712 BLA 2022 |p 5655672 |r 2025-01-20 |t 61 |w 2022-11-18 |y BK |k ING | ||
| 952 | |0 0 |1 0 |2 ddc |4 0 |6 378_071200000000000_BLA_2022 |7 0 |8 A |9 587803 |a BIBMEC |b BIBMEC |c GEN |d 2022-11-18 |e Donación |i 5655673 |o 378.0712 BLA 2022 |p 5655673 |r 2024-01-19 |t 62 |w 2022-11-18 |y BK |k MEC | ||
| 952 | |0 0 |1 0 |2 ddc |4 0 |6 378_071200000000000_BLA_2022 |7 0 |8 A |9 587804 |a BIBMEC |b BIBMEC |c GEN |d 2022-11-18 |e Donación |i 5655674 |o 378.0712 BLA 2022 |p 5655674 |r 2024-01-19 |t 63 |w 2022-11-18 |y BK |k MEC | ||
| 952 | |0 0 |1 0 |2 ddc |4 0 |6 378_071200000000000_BLA_2022 |7 0 |8 A |9 587805 |a BIBMEC |b BIBMEC |c GEN |d 2022-11-18 |e Donación |i 5655675 |o 378.0712 BLA 2022 |p 5655675 |r 2024-01-19 |t 64 |w 2022-11-18 |y BK |k MEC | ||
| 952 | |0 0 |1 0 |2 ddc |4 0 |6 378_071200000000000_BLA_2022 |7 0 |8 A |9 587806 |a BIBAGR |b BIBAGR |c GEN |d 2022-11-18 |e Donación |i 5655676 |o 378.0712 BLA 2022 |p 5655676 |r 2024-01-30 |t 65 |w 2022-11-18 |y BK |k AGR | ||
| 952 | |0 0 |1 0 |2 ddc |4 0 |6 378_071200000000000_BLA_2022 |7 0 |8 A |9 587807 |a BIBAGR |b BIBAGR |c GEN |d 2022-11-18 |e Donación |i 5655677 |o 378.0712 BLA 2022 |p 5655677 |r 2024-01-30 |t 66 |w 2022-11-18 |y BK |k AGR | ||
| 952 | |0 0 |1 0 |2 ddc |4 0 |6 378_071200000000000_BLA_2022 |7 0 |8 A |9 587808 |a BIBAGR |b BIBAGR |c GEN |d 2022-11-18 |e Donación |i 5655678 |o 378.0712 BLA 2022 |p 5655678 |r 2024-01-30 |t 67 |w 2022-11-18 |y BK |k AGR | ||
| 952 | |0 0 |1 0 |2 ddc |4 0 |6 378_071200000000000_BLA_2022 |7 0 |8 A |9 587810 |a BIBAGR |b BIBAGR |c GEN |d 2022-11-18 |e Donación |i 5655679 |o 378.0712 BLA 2022 |p 5655679 |r 2024-01-30 |t 68 |w 2022-11-18 |y BK |k AGR | ||
| 952 | |0 0 |1 0 |2 ddc |4 0 |6 378_071200000000000_BLA_2022 |7 0 |8 A |9 587811 |a BIBALI |b BIBALI |c GEN |d 2022-11-18 |e Donación |i 5655680 |o 378.0712 BLA 2022 |p 5655680 |r 2025-01-20 |t 69 |w 2022-11-18 |y BK |k ALI | ||
| 952 | |0 0 |1 0 |2 ddc |4 0 |6 378_071200000000000_BLA_2022 |7 0 |8 A |9 587812 |a BIBALI |b BIBALI |c GEN |d 2022-11-18 |e Donación |i 5655681 |o 378.0712 BLA 2022 |p 5655681 |r 2025-01-20 |t 70 |w 2022-11-18 |y BK |k ALI | ||
| 952 | |0 0 |1 0 |2 ddc |4 0 |6 378_071200000000000_BLA_2022 |7 0 |8 A |9 587813 |a BIBALI |b BIBALI |c GEN |d 2022-11-18 |e Donación |i 5655682 |o 378.0712 BLA 2022 |p 5655682 |r 2025-01-20 |t 71 |w 2022-11-18 |y BK |k ALI | ||
| 952 | |0 0 |1 0 |2 ddc |4 0 |6 378_071200000000000_BLA_2022 |7 0 |8 A |9 587814 |a BIBALI |b BIBALI |c GEN |d 2022-11-18 |e Donación |i 5655683 |o 378.0712 BLA 2022 |p 5655683 |r 2025-01-20 |t 72 |w 2022-11-18 |y BK |k ALI | ||
| 952 | |0 0 |1 0 |2 ddc |4 0 |6 378_071200000000000_BLA_2022 |7 0 |8 A |9 587815 |a BIBDER |b BIBDER |c GEN |d 2022-11-18 |e Donación |i 5655684 |o 378.0712 BLA 2022 |p 5655684 |r 2023-01-25 |t 73 |w 2022-11-18 |y MX |k DER | ||
| 952 | |0 0 |1 0 |2 ddc |4 0 |6 378_071200000000000_BLA_2022 |7 0 |8 A |9 587816 |a BIBDER |b BIBDER |c GEN |d 2022-11-18 |e Donación |i 5655685 |o 378.0712 BLA 2022 |p 5655685 |r 2023-01-25 |t 74 |w 2022-11-18 |y MX |k DER | ||
| 952 | |0 0 |1 0 |2 ddc |4 0 |6 378_071200000000000_BLA_2022 |7 0 |8 A |9 587817 |a BIBDER |b BIBDER |c GEN |d 2022-11-18 |e Donación |i 5655686 |o 378.0712 BLA 2022 |p 5655686 |r 2023-01-25 |t 75 |w 2022-11-18 |y MX |k DER | ||
| 952 | |0 0 |1 0 |2 ddc |4 0 |6 378_071200000000000_BLA_2022 |7 0 |8 A |9 587818 |a BIBDER |b BIBDER |c GEN |d 2022-11-18 |e Donación |i 5655687 |o 378.0712 BLA 2022 |p 5655687 |r 2023-01-25 |t 76 |w 2022-11-18 |y MX |k DER | ||
| 952 | |0 0 |1 0 |2 ddc |4 0 |6 378_071200000000000_BLA_2022 |7 0 |8 A |9 587819 |a BIBDER |b BIBDER |c GEN |d 2022-11-18 |e Donación |i 5655688 |o 378.0712 BLA 2022 |p 5655688 |r 2023-01-25 |t 77 |w 2022-11-18 |y MX |k DER | ||
| 952 | |0 0 |1 0 |2 ddc |4 0 |6 378_071200000000000_BLA_2022 |7 0 |8 A |9 587820 |a BIBDER |b BIBDER |c GEN |d 2022-11-18 |e Donación |i 5655689 |o 378.0712 BLA 2022 |p 5655689 |r 2023-01-25 |t 78 |w 2022-11-18 |y MX |k DER | ||